000 003480000a22001450004500
003 MACL
005 20160106174506.0
008 160106b xxu||||| |||| 00| 0 eng d
040 _aMACL
_cMACL
041 _aEnglish
082 _a823/LAW
245 _aThe Short Novels of D H Lawrence
_bVolume 1
650 _aFiction
_929091
942 _cBK
_k823
_2ddc
999 _c34831
_d34831